Alternative 1970's Song Titles - Statistics

General Stats
  • This quiz has been taken 67 times
  • The average score is 12 of 20
Answer Stats
Hint Answer % Correct
Inclined walkway to paradise Stairway to Heaven
91%
Golden State inn Hotel California
89%
UK capital on the phone… London Calling
87%
Tan sucrose Brown Sugar
77%
Delivered to sprint Born to Run
75%
Uncaged avian Free Bird
74%
Daddy used to be a revolving boulder Papa Was a Rollin' Stone
74%
Viaduct crossing disturbed river Bridge Over Troubled Water
72%
Lawlessness in Great Britain Anarchy in the UK
70%
Female monarch waltzing Dancing Queen
68%
Pastry baked in the USA American Pie
66%
Little Margaret might Maggie May
64%
Leave on your personal route Go Your Own Way
62%
I will make it through this I Will Survive
58%
Remaining in existence Stayin' Alive
49%
Lady, don't sob No Woman No Cry
40%
I will never be misled in future Won't Get Fooled Again
32%
Greater than intuition More Than a Feeling
26%
Continue to fantasise Dream On
23%
Unconventional epic poem Bohemian Rhapsody
9%
No matching quizzes found
Score Distribution
Percent of People with Each Score
Percentile by Number Answered
Your Score History
You have not taken this quiz